Statistics for Metallica Songs

Click here to take the quiz!

General Stats

  • This quiz has been taken 130 times
  • The average score is 26 of 35

Answer Stats

HintAnswer% Correct
Master of PuppetsMaster of Puppets
96%
...And Justice For AllOne
94%
Ride The LightingRide The Lightning
92%
Master of PuppetsBattery
87%
Kill Em AllSeek and Destroy
87%
Master of PuppetsOrion
85%
Kill Em AllThe Four Horsemen
85%
...And Justice For All...And Justice For All
84%
Ride The LightingCreeping Death
84%
Ride The LightingFor Whom The Bell Tolls
84%
Master of PuppetsWelcome Home (Sanitarium)
84%
Ride The LightingFade to Black
83%
...And Justice For AllBlackened
81%
Ride The LightingFight Fire With Fire
81%
Ride The LightingEscape
78%
Ride The LightingThe Call of Ktulu
78%
Kill Em AllWhiplash
76%
Kill Em AllHit the Lights
75%
Ride The LightingTrapped Under Ice
74%
Master of PuppetsDamage Inc.
73%
...And Justice For AllHarvester of Sorrow
71%
Kill Em All(Anesthesia)-Pulling Teeth
70%
Master of PuppetsThe Thing That Should Not Be
69%
...And Justice For AllTo Live is to Die
68%
...And Justice For AllEye of the Beholder
66%
Master of PuppetsLeper Messiah
66%
...And Justice For AllThe Shortest Straw
66%
Master of PuppetsDisposable Heroes
65%
...And Justice For AllDyers Eve
65%
Kill Em AllJump in the Fire
65%
Kill Em AllMetal Militia
65%
Kill Em AllMotorbreath
65%
Kill Em AllPhantom Lord
63%
Kill Em AllNo Remorse
61%
...And Justice For AllThe Frayed Ends of Sanity
59%

Score Distribution

Percentile by Number Answered

Percent of People with Each Score

Your Score History

You have not taken this quiz